MARC

LEADER 00000nam0a2200000 4500
001 286522
005 20231101235912.0
035 |a (RuTPU)RU\TPU\book\310838 
090 |a 286522 
100 |a 20150305d1984 k y0rusy50 ca 
101 0 |a rus 
102 |a RU 
105 |a y z 001zy 
200 1 |a Проблемы и перспективы развития нефтегазовых комплексов в Сибири  |e сборник научных трудов  |f Академия наук СССР (АН СССР), Сибирское отделение (СО), Институт экономики и организации промышленного производства (ИЭОПП) ; под ред. Ю. И. Максимова 
210 |a Новосибирск  |c Изд-во ИЭиОПП СО АН СССР  |d 1984 
215 |a 146 с. 
320 |a Библиогр. в конце ст. 
606 1 |a Нефтегазовый комплекс  |2 stltpush  |3 (RuTPU)RU\TPU\subj\45571  |9 64765 
610 1 |a проблемы 
610 1 |a перспективы 
610 1 |a развитие 
610 1 |a Сибирь 
675 |a 622.323  |v 4 
702 1 |a Максимов  |b Ю. И.  |4 340 
712 0 2 |a Академия наук СССР (АН СССР)  |b Сибирское отделение (СО)  |b Институт экономики и организации промышленного производства (ИЭОПП)  |c (Новосибирск)  |2 stltpush  |3 (RuTPU)RU\TPU\col\12174 
801 1 |a RU  |b 63413507  |c 20150305 
801 2 |a RU  |b 63413507  |c 20170629  |g RCR 
942 |c BK